000 00442nam a2200145Ia 4500
008 100415s9999 xx 000 0 und d
082 _b9073
_a591.51
100 _aHuxley Julian
245 _aKing Solomon's Ring : New Light on Animal Ways
260 _aLONDON
_c1952
_bPAN BOOKS LTD
365 _b0
630 _aKing Solomon's Ring : New Light on Animal Ways
730 _aKing Solomon's Ring : New Light on Animal Ways
942 _cBOOK
999 _c592012
_d592009